[Event "Bled op"]
[Site "Bled"]
[Date "2017.03.11"]
[Round "2"]
[White "Picco, Ruggero"]
[Black "Setar, Bogomir"]
[Result "1-0"]
[WhiteElo "1951"]
[BlackElo "1441"]
[PlyCount "93"]
[EventDate "2017.03.10"]
[EventType "swiss"]
[EventRounds "5"]
[EventCountry "SLO"]
[SourceTitle "EXT 2019"]
[Source "ChessBase"]
[SourceDate "2018.10.10"]
[SourceVersion "1"]
[SourceVersionDate "2018.10.10"]
[SourceQuality "1"]

1. e4 c5 2. g3 Nc6 3. Bg2 Nf6 4. f4 d6 5. d3 Bg4 6. Nf3 Nd4 7. Nbd2 e6 8. 0-0 Be7 9. c3 Nxf3+ 10. Nxf3 Bxf3 11. Qxf3 0-0 12. e5 dxe5 13. fxe5 Nd5 14. Bd2 Bg5 15. Rad1 Rb8 16. Qh5 Bxd2 17. Rxd2 Ne3 18. Rf4 Nxg2 19. Kxg2 g6 20. Qe2 h5 21. Kg1 Qg5 22. Qe3 b6 23. d4 Rbd8 24. Kf2 Rd5 25. h4 Qe7 26. c4 cxd4 27. Rfxd4 Rxd4 28. Qxd4 Qc7 29. b3 Rc8 30. Qd6 Kg7 31. Qxc7 Rxc7 32. Ke3 f6 33. Rd6 Kf7 34. exf6 Kxf6 35. Rd8 Rg7 36. Kf4 e5+ 37. Ke4 Re7 38. Rd6+ Kf7 39. a3 Kg7 40. b4 Kf7 41. c5 bxc5 42. bxc5 Rc7 43. c6 a5 44. Rd7+ Rxd7 45. cxd7 Ke7 46. Kxe5 Kxd7 47. Kf6 1-0

[Event "Arco Christmas op 7th"]
[Site "Arco"]
[Date "2016.12.27"]
[Round "2"]
[White "Seresin, Francesco"]
[Black "Picco, Ruggero"]
[Result "1-0"]
[WhiteElo "2251"]
[BlackElo "1970"]
[PlyCount "53"]
[EventDate "2016.12.26"]
[EventType "swiss"]
[EventRounds "7"]
[EventCountry "ITA"]
[SourceTitle "CBM 176 Extra"]
[Source "ChessBase"]
[SourceDate "2017.03.02"]
[SourceVersion "1"]
[SourceVersionDate "2017.03.02"]
[SourceQuality "1"]

1. d4 d6 2. g3 g6 3. Bg2 Bg7 4. Nf3 Nf6 5. c4 c6 6. 0-0 0-0 7. Nc3 Nbd7 8. h3 e5 9. e4 a5 10. Re1 Qc7 11. Be3 b6 12. Rc1 Ba6 13. b3 Qb8 14. Qc2 b5 15. dxe5 dxe5 16. cxb5 cxb5 17. Nd5 Nxd5 18. exd5 Rc8 19. Qd2 Rxc1 20. Rxc1 Bb7 21. Ng5 Qd8 22. d6 Bxg2 23. Kxg2 Rc8 24. Qd5 Rxc1 25. Qxf7+ Kh8 26. Bxc1 Nf8 27. Qd5 1-0

[Event "Palmanova op 5th"]
[Site "Palmanova"]
[Date "2016.12.09"]
[Round "2"]
[White "Picco, Ruggero"]
[Black "Belli, Giorgio"]
[Result "0-1"]
[WhiteElo "1970"]
[BlackElo "2157"]
[PlyCount "80"]
[EventDate "2016.12.08"]
[EventType "swiss"]
[EventRounds "6"]
[EventCountry "ITA"]
[SourceTitle "CBM 176 Extra"]
[Source "ChessBase"]
[SourceDate "2017.03.02"]
[SourceVersion "1"]
[SourceVersionDate "2017.03.02"]
[SourceQuality "1"]

1. e4 c5 2. g3 g6 3. Bg2 Bg7 4. f4 d6 5. Nf3 e6 6. d3 Ne7 7. 0-0 0-0 8. c3 Nbc6 9. Be3 Bd7 10. Nbd2 b5 11. d4 c4 12. g4 f5 13. h3 Qc7 14. Qc2 d5 15. gxf5 gxf5 16. e5 Ng6 17. Kh2 Nce7 18. Bh1 a5 19. a3 Ra7 20. Rg1 Rb8 21. h4 Nh8 22. h5 Nf7 23. Ng5 Nh6 24. Rg3 Kh8 25. Rag1 Rg8 26. Ndf3 Nc6 27. Nh4 Bc8 28. Bf3 Bf8 29. Kh1 Rg7 30. Qg2 b4 31. axb4 axb4 32. Bxd5 exd5 33. Qxd5 Ne7 34. Qg2 Ng4 35. Rxg4 fxg4 36. h6 Rxg5 37. Qg3 Rh5 38. Kg2 Bxh6 39. d5 Nxd5 40. Bxa7 Qxa7 0-1

[Event "Arco Christmas op 6th"]
[Site "Arco"]
[Date "2015.12.27"]
[Round "2"]
[White "Kollars, Dmitrij"]
[Black "Picco, Ruggero"]
[Result "1-0"]
[WhiteElo "2419"]
[BlackElo "2009"]
[PlyCount "57"]
[EventDate "2015.12.26"]
[EventType "swiss"]
[EventRounds "7"]
[EventCountry "ITA"]
[SourceTitle "CBM 170 Extra"]
[Source "ChessBase"]
[SourceDate "2016.02.25"]
[SourceVersion "1"]
[SourceVersionDate "2016.02.25"]
[SourceQuality "1"]

1. e4 e5 2. Nc3 Nf6 3. g3 Be7 4. Bg2 d6 5. Nge2 Nc6 6. 0-0 0-0 7. d4 Bg4 8. h3 Bh5 9. g4 Bg6 10. f4 exf4 11. Nxf4 Nd7 12. Ncd5 Nb6 13. Nxe7+ Qxe7 14. Nxg6 hxg6 15. c3 Nd8 16. Bf4 Ne6 17. Bg3 g5 18. a4 a5 19. Qb3 Qd7 20. Rf2 Kh8 21. Bf1 Kg8 22. Bb5 Qe7 23. Bd3 Qd7 24. Bc2 Kh8 25. Raf1 Kg8 26. Rf5 Kh8 27. Qb5 Qxb5 28. Rxb5 g6 29. Bxd6 1-0

[Event "Nova Gorica op-A 20th"]
[Site "Nova Gorica"]
[Date "2015.02.01"]
[Round "5"]
[White "Skuhala, Jernej"]
[Black "Picco, Ruggero"]
[Result "1/2-1/2"]
[WhiteElo "2131"]
[BlackElo "1954"]
[PlyCount "94"]
[EventDate "2015.01.30"]
[EventType "swiss"]
[EventRounds "9"]
[EventCountry "SLO"]
[SourceTitle "CBM 164 Extra"]
[Source "ChessBase"]
[SourceDate "2015.03.02"]
[SourceVersion "1"]
[SourceVersionDate "2015.03.02"]
[SourceQuality "1"]

1. e4 d6 2. d4 Nf6 3. Nc3 c6 4. Be3 Qa5 5. Qd2 e5 6. Nge2 Be7 7. h3 b5 8. f3 a6 9. a3 c5 10. dxc5 dxc5 11. g4 Nc6 12. g5 Nd4 13. Bg2 Nh5 14. h4 Be6 15. Bxd4 cxd4 16. Nd5 Qxd2+ 17. Kxd2 Bxd5 18. exd5 Rd8 19. f4 Nxf4 20. Nxf4 exf4 21. Rhf1 h6 22. g6 Bxh4 23. gxf7+ Kxf7 24. Rxf4+ Bf6 25. Raf1 Ke7 26. Re4+ Kd7 27. Re6 Ra8 28. Bh3 Kc7 29. Rfe1 Rhd8 30. Rc6+ Kb7 31. Bg2 Rac8 32. Rce6 Rd7 33. Be4 Rcd8 34. Rf1 Rd6 35. Rxd6 Rxd6 36. Kd3 Kc7 37. b3 Rd8 38. Rxf6 gxf6 39. Kxd4 Kd6 40. Bf5 Rg8 41. c4 bxc4 42. bxc4 Rg1 43. c5+ Kc7 44. d6+ Kc6 45. Be4+ Kd7 46. Bf5+ Kc6 47. Be4+ Kd7 1/2-1/2

[Event "Forni di Sopra op 3rd"]
[Site "Forni di Sopra"]
[Date "2012.06.18"]
[Round "3"]
[White "Picco, Ruggero"]
[Black "Arjun, Bharat"]
[Result "0-1"]
[WhiteElo "2015"]
[BlackElo "2231"]
[PlyCount "116"]
[EventDate "2012.06.16"]
[EventType "swiss"]
[EventRounds "9"]
[EventCountry "ITA"]
[SourceTitle "CBM 149 Extra"]
[Source "ChessBase"]
[SourceDate "2012.08.24"]
[SourceVersion "1"]
[SourceVersionDate "2012.08.24"]
[SourceQuality "1"]

1. e4 c6 2. d3 d5 3. Nd2 e5 4. g3 Bd6 5. Bg2 Nf6 6. Ne2 0-0 7. 0-0 Re8 8. c4 dxe4 9. Nxe4 Nxe4 10. dxe4 Be6 11. b3 a5 12. Be3 Na6 13. Nc3 Bc5 14. Qe2 Qe7 15. Na4 Bd4 16. Rad1 Red8 17. Rd2 Qc7 18. Rfd1 c5 19. Nb2 Nb4 20. Nd3 Nxd3 21. Rxd3 a4 22. Bxd4 cxd4 23. Qd2 axb3 24. axb3 Ra3 25. f4 f6 26. fxe5 fxe5 27. Rf1 Rda8 28. Qb4 b6 29. Rf8+ Rxf8 30. Qxa3 Qc5 31. Qxc5 bxc5 32. Bf3 Ra8 33. Rd2 Ra1+ 34. Kf2 Kf7 35. g4 Ke7 36. h3 Kd6 37. Bd1 Bf7 38. Be2 Rb1 39. Bd1 Bg6 40. Bc2 Rh1 41. Kg2 Re1 42. Kf2 Re3 43. Kg2 Ke7 44. h4 Bxe4+ 45. Bxe4 Rxe4 46. Ra2 Rxg4+ 47. Kh3 Re4 48. Ra5 Re3+ 49. Kg4 Rxb3 50. Rxc5 Kd6 51. Rd5+ Ke6 52. Ra5 h5+ 53. Kg5 Rg3+ 54. Kxh5 Kf5 55. Ra7 d3 56. c5 d2 57. Rd7 Rg6 58. Rf7+ Rf6 0-1

[Event "Nova Gorica op-A 17th"]
[Site "Nova Gorica"]
[Date "2012.01.31"]
[Round "7"]
[White "Znidaric, Anze"]
[Black "Picco, Ruggero"]
[Result "1/2-1/2"]
[WhiteElo "1713"]
[BlackElo "2024"]
[PlyCount "105"]
[EventDate "2012.01.27"]
[EventType "swiss"]
[EventRounds "9"]
[EventCountry "SLO"]
[SourceTitle "CBM 146 Extra"]
[Source "ChessBase"]
[SourceDate "2012.02.29"]
[SourceVersion "1"]
[SourceVersionDate "2012.02.29"]
[SourceQuality "1"]

1. d4 d6 2. Nf3 Nf6 3. g3 g6 4. Bg2 Bg7 5. c4 c6 6. 0-0 e6 7. Nc3 d5 8. b3 0-0 9. Re1 Nbd7 10. e4 dxe4 11. Nxe4 Nxe4 12. Rxe4 e5 13. Re1 exd4 14. Bb2 c5 15. Qe2 Nf6 16. Qe7 Qxe7 17. Rxe7 Re8 18. Rxe8+ Nxe8 19. Ba3 Bf8 20. Re1 Nc7 21. Ne5 Ne6 22. Nd3 Rb8 23. f4 Bd6 24. Kf2 Bd7 25. Ne5 Bxe5 26. Rxe5 b6 27. Bd5 Re8 28. f5 Nc7 29. Rxe8+ Nxe8 30. fxg6 hxg6 31. Bc1 Kf8 32. Bf4 Ke7 33. Bb8 Nd6 34. Bxa7 Nc8 35. Bb8 Bf5 36. Bf4 Bb1 37. a3 Ba2 38. b4 cxb4 39. axb4 f6 40. Bb7 Nd6 41. Bxd6+ Kxd6 42. Ba6 Bb1 43. Kf3 Ke5 44. Bb7 Bd3 45. c5 bxc5 46. bxc5 g5 47. h4 gxh4 48. gxh4 Bg6 49. Bc6 Bh5+ 50. Kf2 Kf4 51. Bb5 Ke5 52. Be2 Bg6 53. Bf3 1/2-1/2

[Event "Nova Gorica op-A 17th"]
[Site "Nova Gorica"]
[Date "2012.01.27"]
[Round "1"]
[White "Brcar, Matej"]
[Black "Picco, Ruggero"]
[Result "0-1"]
[WhiteElo "1592"]
[BlackElo "2024"]
[PlyCount "110"]
[EventDate "2012.01.27"]
[EventType "swiss"]
[EventRounds "9"]
[EventCountry "SLO"]
[SourceTitle "CBM 146 Extra"]
[Source "ChessBase"]
[SourceDate "2012.02.29"]
[SourceVersion "1"]
[SourceVersionDate "2012.02.29"]
[SourceQuality "1"]

1. e4 e5 2. Nf3 Nc6 3. d4 exd4 4. Nxd4 Bc5 5. Be3 Qf6 6. c3 Nge7 7. Bc4 Bb6 8. 0-0 d6 9. Kh1 Nxd4 10. cxd4 Nc6 11. Bb5 0-0 12. Bxc6 bxc6 13. f4 Qe7 14. Nc3 f5 15. e5 Ba6 16. Rf3 Rad8 17. Rh3 Bc8 18. Qc2 g6 19. Re1 Be6 20. Bf2 Qf7 21. a3 Bb3 22. Qe2 Rfe8 23. Bh4 Rb8 24. Qd2 Ba5 25. Rhe3 Bxc3 26. Qxc3 Bd5 27. b4 Be4 28. Kg1 Qd5 29. R1e2 a5 30. Rb2 axb4 31. axb4 Ra8 32. Re1 Ra2 33. Rxa2 Qxa2 34. Bf2 Ra8 35. b5 Ra3 36. Qc1 Ra4 37. bxc6 Rxd4 38. Qa1 Qxa1 39. Rxa1 Rd2 40. Ra8+ Kf7 41. Be3 Rxg2+ 42. Kf1 dxe5 43. fxe5 Rc2 44. Rh8 Kg7 45. Rd8 Bxc6 46. Bd4 Kf7 47. Rc8 Be4 48. h4 h6 49. Rh8 g5 50. Rxh6 g4 51. Rf6+ Ke7 52. h5 g3 53. Rg6 f4 54. Rg4 Bf3 55. Rg7+ Kf8 0-1

[Event "Mantova op-A 2nd"]
[Site "Mantova"]
[Date "2012.01.07"]
[Round "8"]
[White "Xia, Jie"]
[Black "Picco, Ruggero"]
[Result "1-0"]
[WhiteElo "2269"]
[BlackElo "2024"]
[PlyCount "53"]
[EventDate "2012.01.02"]
[EventType "swiss"]
[EventRounds "9"]
[EventCountry "ITA"]
[SourceTitle "CBM 146 Extra"]
[Source "ChessBase"]
[SourceDate "2012.02.29"]
[SourceVersion "1"]
[SourceVersionDate "2012.02.29"]
[SourceQuality "1"]

1. e4 e5 2. Nf3 Nc6 3. d4 exd4 4. Bc4 Nf6 5. e5 d5 6. Bb5 Ne4 7. Nxd4 Bd7 8. Bxc6 bxc6 9. 0-0 Be7 10. f3 Nc5 11. f4 0-0 12. f5 Ne4 13. Nc3 Nxc3 14. bxc3 Re8 15. e6 fxe6 16. fxe6 Bc8 17. Qg4 Bf6 18. Bh6 Qe7 19. Rae1 Kh8 20. Nf5 Qc5+ 21. Kh1 Qxc3 22. Re3 gxh6 23. Rxc3 Bxc3 24. Qg3 Bf6 25. Nxh6 Bg7 26. Rf7 Bxh6 27. Qe5+ 1-0

[Event "Mantova op-A 2nd"]
[Site "Mantova"]
[Date "2012.01.03"]
[Round "3"]
[White "Ceschia, Ivano"]
[Black "Picco, Ruggero"]
[Result "1/2-1/2"]
[WhiteElo "2319"]
[BlackElo "2024"]
[PlyCount "65"]
[EventDate "2012.01.02"]
[EventType "swiss"]
[EventRounds "9"]
[EventCountry "ITA"]
[SourceTitle "CBM 146 Extra"]
[Source "ChessBase"]
[SourceDate "2012.02.29"]
[SourceVersion "1"]
[SourceVersionDate "2012.02.29"]
[SourceQuality "1"]

1. e4 e5 2. Nf3 Nc6 3. Nc3 Nf6 4. Bb5 Nd4 5. Ba4 Nxf3+ 6. Qxf3 c6 7. d3 d6 8. h3 Be7 9. Bb3 Be6 10. Nd1 0-0 11. Ne3 Qd7 12. Bxe6 fxe6 13. Qe2 Rf7 14. Ng4 Raf8 15. Be3 Bd8 16. Nxf6+ Rxf6 17. f3 Ba5+ 18. c3 Bb6 19. Bxb6 axb6 20. Qe3 Qd8 21. 0-0-0 c5 22. d4 exd4 23. cxd4 Qc7 24. Kb1 Rd8 25. Rd2 d5 26. Rhd1 c4 27. e5 Rf7 28. Rf2 b5 29. Qc3 Ra8 30. a3 Ra4 31. f4 Qb6 32. Rf3 b4 33. Rc1 1/2-1/2

[Event "Nova Gorica op-A 16th"]
[Site "Nova Gorica"]
[Date "2011.01.29"]
[Round "2"]
[White "Picco, Ruggero"]
[Black "Milenkovic, Mladen"]
[Result "0-1"]
[WhiteElo "2045"]
[BlackElo "2396"]
[PlyCount "108"]
[EventDate "2011.01.28"]
[EventType "swiss"]
[EventRounds "9"]
[EventCountry "SLO"]
[SourceTitle "CBM 140 Extra"]
[Source "ChessBase"]
[SourceDate "2011.03.01"]
[SourceVersion "1"]
[SourceVersionDate "2011.03.01"]
[SourceQuality "1"]

1. e4 c5 2. g3 Nc6 3. Bg2 g6 4. f4 Bg7 5. Nf3 Nf6 6. d3 0-0 7. 0-0 d5 8. Qe2 dxe4 9. dxe4 Nd4 10. Nxd4 Qxd4+ 11. Kh1 Bg4 12. Qe1 Rad8 13. c3 Qd7 14. Be3 b6 15. Nd2 Bh3 16. Bxh3 Qxh3 17. Qe2 Rd7 18. Bg1 Nh5 19. Bf2 Rfd8 20. Nf3 Qe6 21. Kg1 Bh6 22. Rfe1 Rd3 23. Ne5 Rd2 24. Qc4 Rxb2 25. Qxe6 fxe6 26. Nc4 Rc2 27. Rec1 Rxc1+ 28. Rxc1 g5 29. fxg5 Bxg5 30. Rb1 Rd3 31. Rb3 Nf6 32. e5 Nd5 33. Be1 Rd1 34. Kf2 Rc1 35. h4 Bh6 36. a4 Kf7 37. a5 bxa5 38. Nxa5 Ne3 39. Ke2 Rc2+ 40. Kd3 Ra2 41. c4 Nf5 42. Nb7 Nd4 43. Rb1 Ra3+ 44. Bc3 Ne2 45. Kxe2 Rxc3 46. Nxc5 Rxc4 47. Nd3 Re4+ 48. Kf2 a5 49. Ra1 Bd2 50. Ra3 Kg6 51. Ra2 Bc3 52. Ra3 Bd4+ 53. Kf3 Kf5 54. Kg2 Re3 0-1

[Event "Nova Gorica op-B 15th"]
[Site "Nova Gorica"]
[Date "2010.01.31"]
[Round "1"]
[White "Menon, Michele"]
[Black "Picco, Ruggero"]
[Result "0-1"]
[WhiteElo "1713"]
[BlackElo "2062"]
[PlyCount "64"]
[EventDate "2010.01.31"]
[EventType "swiss"]
[EventRounds "9"]
[EventCountry "SLO"]
[SourceTitle "CBM 134 Extra"]
[Source "ChessBase"]
[SourceDate "2010.03.03"]
[SourceVersion "1"]
[SourceVersionDate "2010.03.03"]
[SourceQuality "1"]

1. Nf3 d6 2. d4 Bg4 3. Nbd2 Nd7 4. e4 e5 5. c3 Ngf6 6. Be2 Be7 7. 0-0 0-0 8. Re1 Kh8 9. Nf1 Nxe4 10. Nxe5 Bf5 11. Nf3 d5 12. Be3 Bd6 13. c4 dxc4 14. Bxc4 Nb6 15. Qb3 Nxc4 16. Qxc4 Be6 17. Qc2 Bd5 18. Ng3 f5 19. Nxe4 Bxe4 20. Qe2 Qe8 21. Bd2 Qg6 22. Nh4 Qf7 23. Nf3 Rae8 24. Ng5 Qf6 25. Qh5 h6 26. d5 Qxb2 27. Be3 Bxd5 28. Rad1 Bc6 29. Nf7+ Kg8 30. Nxd6 cxd6 31. Rxd6 f4 32. Rd2 fxe3 0-1

[Event "Nova Gorica op-B 14th"]
[Site "Nova Gorica"]
[Date "2009.02.05"]
[Round "7"]
[White "Picco, Ruggero"]
[Black "Titan, Matej"]
[Result "1-0"]
[WhiteElo "2099"]
[BlackElo "1852"]
[PlyCount "59"]
[EventDate "2009.01.31"]
[EventType "swiss"]
[EventRounds "9"]
[EventCountry "SLO"]
[SourceTitle "EXT 2011"]
[Source "ChessBase"]
[SourceDate "2010.11.26"]
[SourceVersion "1"]
[SourceVersionDate "2010.11.26"]
[SourceQuality "1"]

1. e4 c5 2. g3 e6 3. Bg2 d5 4. exd5 exd5 5. d4 cxd4 6. Qxd4 Nf6 7. Ne2 Nc6 8. Qe3+ Be7 9. 0-0 0-0 10. c3 Re8 11. Qd3 Bg4 12. Nd4 Bc5 13. Be3 Ne5 14. Qb5 Bxd4 15. cxd4 Nf3+ 16. Kh1 Ne4 17. Nc3 Nxc3 18. bxc3 h5 19. h3 a6 20. Qd3 Qf6 21. hxg4 hxg4 22. Bf4 g5 23. Bxf3 gxf3 24. Bxg5 Qxg5 25. Qxf3 Re6 26. Kg2 Rae8 27. Rh1 Rf6 28. Rh5 Qg6 29. Qxd5 Re2 30. Qd8+ 1-0

[Event "Udine Oro Caffe op 1st"]
[Site "Udine"]
[Date "2008.07.07"]
[Round "3"]
[White "Picco, Ruggero"]
[Black "Fantini, Marco"]
[Result "1-0"]
[WhiteElo "2128"]
[BlackElo "2067"]
[PlyCount "59"]
[EventDate "2008.07.05"]
[EventType "swiss"]
[EventRounds "6"]
[EventCountry "ITA"]
[SourceTitle "EXT 2010"]
[Source "ChessBase"]
[SourceDate "2010.11.25"]
[SourceVersion "1"]
[SourceVersionDate "2010.11.25"]
[SourceQuality "1"]

1. d4 d5 2. Nf3 c5 3. g3 Nc6 4. Bg2 Nf6 5. 0-0 cxd4 6. Nxd4 e5 7. Nxc6 bxc6 8. c4 Be6 9. Qa4 Qd7 10. Nc3 Rc8 11. cxd5 cxd5 12. Qxd7+ Kxd7 13. Rd1 d4 14. e3 Bc5 15. Na4 Bb4 16. exd4 e4 17. Nc5+ Bxc5 18. dxc5+ Kc6 19. Be3 Bd5 20. b4 Ng4 21. Bd4 f6 22. a4 Rhd8 23. b5+ Kc7 24. Bc3 Rd7 25. Ba5+ Kb8 26. c6 Rd6 27. Bxe4 Bxe4 28. Rxd6 Ne5 29. Rc1 Nf3+ 30. Kf1 1-0

[Event "Nova Gorica op-B 12th"]
[Site "Nova Gorica"]
[Date "2007.01.29"]
[Round "7"]
[White "Grosar, Vojko"]
[Black "Picco, Ruggero"]
[Result "0-1"]
[WhiteElo "1918"]
[BlackElo "2092"]
[PlyCount "72"]
[EventDate "2007.01.26"]
[EventType "swiss"]
[EventRounds "9"]
[EventCountry "SLO"]
[SourceTitle "CBM 116 Extra"]
[Source "ChessBase"]
[SourceDate "2007.03.07"]
[SourceVersion "1"]
[SourceVersionDate "2007.03.07"]
[SourceQuality "1"]

1. e4 e5 2. f4 Qh4+ 3. g3 Qe7 4. d3 d6 5. Bg2 Nc6 6. Nf3 Bg4 7. c3 Nf6 8. Na3 Nd7 9. Be3 Nb6 10. 0-0 g6 11. Qc2 Bg7 12. h3 Bxf3 13. Bxf3 exf4 14. gxf4 0-0 15. Qg2 Kh8 16. Nb5 f5 17. Rae1 a6 18. Nd4 Nxd4 19. Bxd4 Bxd4+ 20. cxd4 Qf7 21. d5 fxe4 22. Bxe4 Rae8 23. b3 Nd7 24. Rf3 Qg7 25. Kh2 Re7 26. Ref1 Ref7 27. R1f2 Nf6 28. Re3 Nh5 29. f5 Qe5+ 30. Kh1 gxf5 31. Ref3 Rg8 32. Qh2 Ng3+ 33. Rxg3 Rxg3 34. Rf1 fxe4 35. Re1 exd3 36. Rxe5 Rf1+ 0-1

[Event "Nova Gorica op-B 12th"]
[Site "Nova Gorica"]
[Date "2007.01.27"]
[Round "2"]
[White "Stolfa, Rodolfo"]
[Black "Picco, Ruggero"]
[Result "0-1"]
[WhiteElo "1890"]
[BlackElo "2092"]
[PlyCount "64"]
[EventDate "2007.01.26"]
[EventType "swiss"]
[EventRounds "9"]
[EventCountry "SLO"]
[SourceTitle "CBM 116 Extra"]
[Source "ChessBase"]
[SourceDate "2007.03.07"]
[SourceVersion "1"]
[SourceVersionDate "2007.03.07"]
[SourceQuality "1"]

1. d4 c5 2. d5 e5 3. c4 d6 4. e4 Ne7 5. Bd3 g6 6. Bg5 Bg7 7. Qd2 Nd7 8. Bh6 0-0 9. Nf3 f5 10. Bxg7 Kxg7 11. h4 fxe4 12. Bxe4 Nf6 13. Nc3 Nxe4 14. Nxe4 Bf5 15. Ng3 Bg4 16. Nh2 Rf4 17. Nxg4 Rxg4 18. Qe2 h5 19. Kf1 Nf5 20. Nxf5+ gxf5 21. g3 Qf6 22. Kg2 Qg6 23. Rh3 f4 24. b3 Rf8 25. Kh2 f3 26. Qf1 Re4 27. Kg1 Qg4 28. Rh1 Re2 29. Rh2 Rf4 30. Qc1 Rd4 31. Kf1 Rdd2 32. a3 Qd4 0-1